The history of the orthodox church : (Record no. 47347)
[ view plain ]
| 000 -LEADER | |
|---|---|
| fixed length control field | 01021nam a2200289I 4500 |
| 001 - CONTROL NUMBER | |
| control field | 1879274 |
| 005 - DATE AND TIME OF LATEST TRANSACTION | |
| control field | 20190806133909.0 |
| 008 - FIXED-LENGTH DATA ELEMENTS--GENERAL INFORMATION | |
| fixed length control field | 901217s1957 cauf 000 0 eng |
| 010 ## - LIBRARY OF CONGRESS CONTROL NUMBER | |
| LC control number | 59046606 |
| 035 ## - SYSTEM CONTROL NUMBER | |
| System control number | 0163-97660 |
| 035 ## - SYSTEM CONTROL NUMBER | |
| System control number | 0163-97660 |
| 040 ## - CATALOGING SOURCE | |
| Original cataloging agency | WaU |
| Transcribing agency | FQG |
| Modifying agency | m.c. |
| -- | TWU |
| 049 99 - LOCAL HOLDINGS (OCLC) | |
| Holding library | TWU1 [97755] [Theology] |
| 100 1# - MAIN ENTRY--PERSONAL NAME | |
| Personal name | Callinikos, Constantine. |
| 245 14 - TITLE STATEMENT | |
| Title | The history of the orthodox church : |
| Remainder of title | a brief sketch of the one holy orthodox Catholic and apostolic church / |
| Statement of responsibility, etc | by Constantine Callinikos; translated by Katherine Natzio; with an introduction by Archbishop of Thyateira, Germanos. |
| 250 ## - EDITION STATEMENT | |
| Edition statement | Rev. ed. |
| 260 ## - PUBLICATION, DISTRIBUTION, ETC. (IMPRINT) | |
| Place of publication, distribution, etc | Los Angeles, Cal. : |
| Name of publisher, distributor, etc | Prothymos Press, |
| Date of publication, distribution, etc | 1957. |
| 300 ## - PHYSICAL DESCRIPTION | |
| Extent | xiv, 146 p. : |
| Other physical details | front. ; |
| Dimensions | 20 cm. |
| 336 ## - CONTENT TYPE | |
| Source | text |
| 337 ## - MEDIA TYPE | |
| Source | unmediated |
| 338 ## - CARRIER TYPE | |
| Source | volume |
| 610 20 - SUBJECT ADDED ENTRY--CORPORATE NAME | |
| Corporate name or jurisdiction name as entry element | Orthodox Eastern Church |
| General subdivision | History. |
| 650 ## - SUBJECT ADDED ENTRY--TOPICAL TERM | |
| Source of heading or term | Catholic church |
| General subdivision | History. |
| 700 ## - ADDED ENTRY--PERSONAL NAME | |
| Personal name | Natzio, Katherine. |
| Relator term | Translator. |
| 700 ## - ADDED ENTRY--PERSONAL NAME | |
| Personal name | Thyateira, Germanos, Archbishop of. |
| 942 ## - ADDED ENTRY ELEMENTS (KOHA) | |
| Source of classification or shelving scheme | Library of Congress Classification |
| Item type | Books |
| Withdrawn status | Lost status | Source of classification or shelving scheme | Damaged status | Not for loan | Home library | Current library | Shelving location | Date acquired | Inventory number | Total Checkouts | Full call number | Barcode | Date last seen | Price effective from | Koha item type |
|---|---|---|---|---|---|---|---|---|---|---|---|---|---|---|---|
| Library of Congress Classification | BSOP Library | BSOP Library | GC | 07/22/2019 | 18374 | BX300 C13 | 00019179 | 07/22/2019 | 07/22/2019 | Books |
